• 首页
  • 本馆介绍
  • 公告通知
  • 最新文献
  • 馆藏检索
  • 电子资源
  • 读者导购
  • 参考咨询
  • 我的图书馆
  • 登录
  • 详细信息显示
  • 放入我的书架
  • 预约/预借图书
  • 作者相关作品
  • 分类相关作品
  • 丛书相关作品
  • 出版社相关作品

书目信息

  • 表格格式
  • 工作单格式
  • 卡片格式
题名:
解开心中结
    
 
作者: 乔颖 , 李黎 编著
分册:  
出版信息: 上海   上海科学技术出版社  2019
页数: 124页
开本: 21cm
丛书名: “60岁开始读”科普教育丛书
单 册:
中图分类: B844.4
科图分类:
主题词: 老年人--心理保健--通俗读物
电子资源:
ISBN: 978-7-5478-4593-6
000 01366nam0 2200301 450
001 2336661684
005 20231017101112.76
010    @a978-7-5478-4593-6@dCNY20.00
100    @a20200114d2019 em y0chiy50 ea
101 0  @achi
102    @aCN@b310000
105    @aa z 000yy
200 1  @a解开心中结@Ajie kai xin zhong jie@f乔颖,李黎编著
210    @a上海@c上海科学技术出版社@c复旦大学出版社@d2019
215    @a124页@c图@d21cm
225 1  @a“60岁开始读”科普教育丛书
300    @a上海老年教育
304    @a上海科普教育促进中心组编
312    @a封面副题名:夕阳无限好,何须多惆怅
330    @a本书分三个主要篇章,共涉及30个老年心理相关话题,介绍生活中常见的老年心理健康问题和应对方式。第一章侧重介绍个人心理、生理健康相关问题的成因、症状表现和识别、自我调适方法,以及就医治疗事项。第二章聚焦家庭及亲密关系的变化,以及这些变化可能造成的心理健康问题,涉及夫妻关系、亲子沟通、隔代抚养等常见问题。第三章着眼于社会因素、生活方式和自我价值相关的主题,从社会适应、社会保障以及自身价值认同等方面进行探讨。
410  0 @12001 @a“60岁开始读”科普教育丛书
517 1  @a夕阳无限好,何须多惆怅@Axi yang wu xian hao,he xu duo chou chang
606 0  @a老年人@x心理保健@j通俗读物
690    @aB844.4@v5
701  0 @a乔颖@Aqiao ying@4编著
701  0 @a李黎@Ali li@4编著
801  0 @aCN@b大连网信软件有限公司图书馆·11@c20231017
905    @aZUCC@dB844.4@e10
    
    解开心中结/乔颖,李黎编著.-上海:上海科学技术出版社:复旦大学出版社,2019
    124页:图;21cm.-(“60岁开始读”科普教育丛书)
    上海老年教育
    
    ISBN 978-7-5478-4593-6:CNY20.00
    本书分三个主要篇章,共涉及30个老年心理相关话题,介绍生活中常见的老年心理健康问题和应对方式。第一章侧重介绍个人心理、生理健康相关问题的成因、症状表现和识别、自我调适方法,以及就医治疗事项。第二章聚焦家庭及亲密关系的变化,以及这些变化可能造成的心理健康问题,涉及夫妻关系、亲子沟通、隔代抚养等常见问题。第三章着眼于社会因素、生活方式和自我价值相关的主题,从社会适应、社会保障以及自身价值认同等方面进行探讨。
●
相关链接 在五车中查询图书 在当当中查询图书 在豆瓣中查询图书


正题名:解开心中结     索取号:B844.4/10         预约/预借

序号 登录号 条形码 馆藏地/架位号 状态 备注
1 2001028227   2001028227   悦读、辽宁混合/悦读天下/辽批100/ [索取号:B844.4/10] 在馆    
2 2001028228   2001028228   悦读、辽宁混合/悦读天下/辽批100/ [索取号:B844.4/10] 在馆    
3 2001028229   2001028229   悦读、辽宁混合/悦读天下/辽批100/ [索取号:B844.4/10] 在馆    
4 2001028230   2001028230   悦读、辽宁混合/悦读天下/辽批100/ [索取号:B844.4/10] 在馆    
5 2001028231   2001028231   悦读、辽宁混合/悦读天下/辽批100/ [索取号:B844.4/10] 在馆    
6 2001028232   2001028232   悦读、辽宁混合/悦读天下/辽批100/ [索取号:B844.4/10] 在馆    
山东省滨州职业学院图书馆 欢迎您!
大连网信软件有限公司© 版权所有